| 000 | 00755nam a2200253Ia 4500 | ||
|---|---|---|---|
| 003 | OSt | ||
| 005 | 20220926024457.0 | ||
| 006 | a|||||r|||| 00| 0 | ||
| 007 | ta | ||
| 008 | 220923b |||||||| |||| 00| 0 eng d | ||
| 020 | _a0854967281 | ||
| 037 | _cGeneral Book | ||
| 040 |
_aRTL _cRTL _beng |
||
| 041 |
_2eng _aeng |
||
| 082 | _aY15.1.N7, M1;N3/TD | ||
| 100 |
_aARDENER Shirley _9330834 |
||
| 245 | 0 |
_aWomen and space _b Ground rules and social maps. |
|
| 260 |
_aOxford _bBerg _c1993 |
||
| 300 |
_aix,236p. Bib: p 222-230 _ccm. |
||
| 490 | _aCross-cultural perspectives on women series, 5 | ||
| 650 | _aWoman Sociology | ||
| 942 |
_hY15.1.N7, M1;N3/TD _cGB _2CC |
||
| 999 |
_c644387 _d644387 |
||